| 000 | 01117nam a22003377a 4500 | ||
|---|---|---|---|
| 003 | CHAP | ||
| 005 | 20220817043320.0 | ||
| 008 | 971013s1973 r 00010 d | ||
| 010 | _a71601 | ||
| 011 | _a72573 | ||
| 035 | _a82129 | ||
| 040 | _cCHAP | ||
| 090 | _aFolleto 6706 | ||
| 100 | 0 | 0 |
_aCampbell, Robert S. _917976 |
| 245 | _aRange resources of the southeastern United States | ||
| 260 |
_aMadison, Wis. : _bAmerican Society of Agronomy, _c1973 |
||
| 300 |
_a78 p. _b: ilus. ; mapas |
||
| 490 |
_aASA. Special publication _v; 21 |
||
| 590 |
_aBATCH-UPD _b10 _c20130109 _lUCH01 _h2343 |
||
| 590 |
_aBATCH-UPD _b10 _c20130110 _lUCH01 _h0557 |
||
| 590 |
_aBATCH-UPD _b10 _c20130409 _lUCH01 _h1913 |
||
| 590 |
_aBATCH-UPD _b10 _c20130914 _lUCH01 _h0502 |
||
| 590 |
_aCONVERSION _b10 _c20130109 _lUCH01 _h1339 |
||
| 650 | 1 | 4 |
_aPastizales _xEcologĂa. _985933 |
| 650 | 1 | 4 |
_aPastizales _zE.U.A. _985966 |
| 830 | 0 |
_aASA special publication _v; 21 |
|
| 901 | _aBK | ||
| 942 | _cFOLL | ||
| 949 |
_aFolleto 6706 _bBC _cFOLL _d-35961 _eTS1 _i82129 _si _t92.00 |
||
| 949 |
_aFolleto 6706 _bBC _cFOLL _d-35962 _eTS2 _fc.2 _i82129 _si _t92.00 |
||
| 999 |
_c71601 _d71601 |
||